| 000 | 01202cam a22003377a 4500 | ||
|---|---|---|---|
| 003 | CHAP | ||
| 005 | 20220329140512.0 | ||
| 008 | 971013s1985 r 00010 d | ||
| 010 | _a52943 | ||
| 011 | _a53915 | ||
| 035 | _a58065 | ||
| 040 | _cCHAP | ||
| 090 | _aTesis | ||
| 100 | 0 | 0 |
_aSánchez Pego, María Angélica. _9107748 |
| 245 | 1 | 3 | _aEl sistema socioeconómico de la producción de leche en los Altos de Jalisco |
| 260 |
_aChapingo, Méx. : _bEl autor, _c1985 |
||
| 300 | _a146 p. | ||
| 502 | _aTesis (Ing. Agr. Esp. en Sociología Rural) -- UACH. Departamento de Sociología Rural | ||
| 590 |
_aALEPH _b10 _c20130110 _lUCH01 _h1330 |
||
| 590 |
_aBATCH-UPD _b10 _c20130110 _lUCH01 _h0709 |
||
| 590 |
_aBATCH-UPD _b10 _c20130410 _lUCH01 _h0355 |
||
| 590 |
_aBATCH-UPD _b10 _c20130914 _lUCH01 _h1516 |
||
| 590 |
_aCONVERSION _b10 _c20130109 _lUCH01 _h1329 |
||
| 650 | 1 | 4 |
_aGanado lechero _xAspectos económicos. _945243 |
| 650 | 1 | 4 |
_aGanado lechero _xJalisco. _945273 |
| 650 | 1 | 4 |
_aLeche _xProducción. _965400 |
| 901 | _aBK | ||
| 942 | _cFOLL | ||
| 949 |
_aTesis _bBC _cTES _d33724000870069 _eTS2 _fc.2 _gDonaciØn _h17130 _i58065 _si |
||
| 949 |
_aTesis _bBC _cTES _d580651 _eTS1 _gDonaciØn _h17048 _i58065 _sb |
||
| 999 |
_c52943 _d52943 |
||